Physics of the Stoics /

Bibliographic Details
Main Author: Sambursky, Samuel, 1900-
Format: Book
Language:English
Published: New York : b Macmillan, [publisher not identified] ; 1959.
Subjects:

MARC

Tag First Indicator Second Indicator Subfields
LEADER 00000cam a2200000 a 4500
001 in00000074674
005 20151008053621.0
008 750925s1959 nyu b 00110 engm
010 |a  59002293  
035 |a (OCoLC)01655569 
035 |9 AAH8038AM 
040 |c JNA  |d OCL  |d TXA  |d UtOrBLW 
043 |a c-gr--- 
049 |a TXAM  |c [1654562] 
050 0 0 |a B528  |b .S25 
100 1 |a Sambursky, Samuel,  |d 1900- 
245 1 0 |a Physics of the Stoics /  |c S. Sambursky. 
264 1 |a New York : b Macmillan,  |b [publisher not identified] ;  |c 1959. 
300 |a xi, 153 pages ;  |c 23 cm. 
336 |a text  |b txt  |2 rdacontent 
337 |a unmediated  |b n  |2 rdamedia 
338 |a volume  |b nc  |2 rdacarrier 
500 |a Includes indexes. 
504 |a Bibliography: pages 146-147. 
650 0 |a Stoics. 
650 0 |a Physics  |x History  |z Greece. 
999 |a MARS 
999 f f |s 3ca80283-7fef-332e-8d4b-925c60bede3a  |i 18d46457-2942-3917-b403-c93aa2c4c970  |t 0 
952 f f |p ric  |a Texas A&M University  |b Rellis Campus  |c Joint Library Facility  |d Remote Storage  |t 0  |e B528 .S25  |h Library of Congress classification  |i unmediated -- volume  |m A14806077777 
998 f f |a B528 .S25  |t 0  |l Remote Storage